• 首页
  • 本馆介绍
  • 公告通知
  • 最新文献
  • 馆藏检索
  • 电子资源
  • 读者导购
  • 参考咨询
  • 我的图书馆
  • 登录
  • 详细信息显示
  • 放入我的书架
  • 预约/预借图书
  • 作者相关作品
  • 分类相关作品
  • 丛书相关作品
  • 出版社相关作品

书目信息

  • 表格格式
  • 工作单格式
  • 卡片格式
题名:
李亚农史论集
    
 
作者: 李亚农 著
分册: 下册  
出版信息: 上海   上海人民出版社  1962.9
页数: 605-1098页
开本: 20cm
丛书名:
单 册:
中图分类: K03
科图分类:
主题词: 史学--专题研究
电子资源:
ISBN:
000 00545nam0 2200205 45
001 0312221749
005 20040330103615.3
010    @dCNY1.95
091    @a11074.326
100    @a20031222d1962 km y0chiy0120 ea
101    @achi
105    @a z 000yy
200 1  @a李亚农史论集@h下册@ALi Ya Nong Shi Lun Ji@f李亚农著@FLi Ya Nong Zhu
210    @a上海@c上海人民出版社@d1962.9
215    @a605-1098页@d20cm
606 0  @a史学@x专题研究
690    @aK03@v3
701 0  @a李亚农@4著
801    @aCN@bTSTCL@c20031222
905    @dK03@e1:2@f1@b15236
    
    李亚农史论集.下册/李亚农著.-上海:上海人民出版社,1962.9
    605-1098页;20cm
    
    
    ISBN :CNY1.95
    
●
相关链接 在E读中查询图书 在五车中查询图书 在当当中查询图书 在豆瓣中查询图书


正题名:李亚农史论集     索取号:K03/1:2         预约/预借

序号 登录号 条形码 馆藏地/架位号 状态 备注
1 0015235   001420144   密集书库/ [索取号:K03/1:2] 在馆    
2 0015236   001922281   密集书库/ [索取号:K03/1:2] 在馆    
3 0075759   001602135   密集书库/ [索取号:K03/1:2] 在馆    
4 0075760   001602162   密集书库/ [索取号:K03/1:2] 在馆    
5 0075761   001602153   密集书库/ [索取号:K03/1:2] 在馆    
6 0075762   001420126   第二样本阅览室/ [索取号:K03/1:2] 在馆    
7 0075763   001857976   密集书库/ [索取号:K03/1:2] 在馆    
唐山师范学院图书馆 欢迎您!
大连网信软件有限公司© 版权所有